00460nam a2200121Ia 45000010005000000080041000050820025000461000077000712450130001482600019002789010026002979990015003232300241024s9999 xx 000 0 und d aRD/371.71/R426p/2012 aRepública Dominicana. Ministerio de Educación. Escuela de Directores 0aPrograma de Certificación en Gestión de Calidad. Taller Desarrollo de Competencias de Lidetazgo para Directivos Escolares bINAFOCAMc2012 a2/7/2012 2:21:59 p.m. c8812d8812